| 000 | 00376nam a22001577a 4500 | ||
|---|---|---|---|
| 005 | 20260123122400.0 | ||
| 008 | 230525b |||||||| |||| 00| 0 eng d | ||
| 020 | _a9789388267373 | ||
| 100 | _aJ. N. Pandey | ||
| 245 | _aLaw of Torts with CPA & MVA | ||
| 250 | _a10th Ed. | ||
| 260 |
_aPrayagraj _bCLP Pub. _c2023 |
||
| 300 | _a564 | ||
| 546 | _aEnglish | ||
| 942 |
_2ddc _cBK |
||
| 999 |
_c20068 _d20068 |
||